Bir çağdaş öncü (Record no. 5246)

MARC details
000 -BAŞLIK
Sabit Uzunlukta Kontrol Alanı 00725na a2200253 4500
001 - KONTROL NUMARASI
Denetim Alanı 15485
003 - KONTROL NUMARASI IDENTIFIER
Denetim Alanı MIRAKIL
005 - SON İŞLEM TARİHİ VE ZAMANI
Denetim Alanı 20181213155031.0
008 - SABİT-BOY VERİ ELEMANLARI - GENEL BİLGİLER
Sabit Uzunlukta Kontrol Alanı 161010b tu 000 0
035 ## - SİSTEM KONTROL NUMARASI
Sistem Kontrol Numarası 15485
040 ## - KATALOGLAMA KAYNAK
Orijinal Kataloglama Ajansı Milas
Kataloglama Dili tur
Metne Dönüştürmek Ajansı TR-AnCHP
041 ## - DİL KODU
Metin / Ses Parça Veya Ayrı Başlığın Dil Kodu tur
082 ## - DEWEY ONLU SINIFLANDIRMA NUMARASI
Sınıflandırma Numarası 818.3209
Ürün Numarası B56 1988
090 ## - SINIFLAMA NUMARASI
Sınıflama Numarası 818.3209 B56 1988
245 ## - BAŞLIK TABLOSU
Başlık Bir çağdaş öncü
Başlığın Kalan Namık Kemal (1888-1988)
246 ## - UNVAN FORM VARYING
Başlık Doğru / Kısa Başlığı Namık Kemal (1888-1988)
260 ## - YAYIN, DAĞITIM, VB
Yayın, Dağıtım, Vb Yeri İstanbul
Yayıncı, Dağıtıcı, Vs Adı Amaç Yayınları
Yayın, Dağıtım, Vb Tarihi 1988
300 ## - FİZİKSEL TANIM
Kapsam 92 s.
Boyutlar 19 sm.
490 ## - SERİSİ TABLOSU
Seri Beyanı Araştırma/İnceleme
Hacim / Ardışık Tanımı 4
490 ## - SERİSİ TABLOSU
Seri Beyanı Amaç Yayıncılık
Hacim / Ardışık Tanımı 18/71
600 ## - KONU KATMA GİRİŞ - KURUMSAL ADI
Kişisel Ad Kemal, Namık
Bir Adıyla İlişkilendirilen Tarihler 1840 - 1888
Genel Alt Bölümü Yaşamöyküsü
650 ## - KONU KATMA GİRİŞ - TOPİKAL DÖNEM
Topikal Süreli Veya Coğrafi Ad Giriş Elemanı Türk yazarlar
Genel Alt Bölümü Yaşamöyküsü
942 ## - EKLENDİ GİRİŞ ELEMANLARI (KOHA)
Sınıflandırma Veya Raf Düzeni Kaynak Dewey Decimal Classification
Koha Öğesi Türü Books
999 ## - SİSTEM KONTROL NUMARALARI (KOHA)
Koha Biblionumber 5246
Koha Biblioitemnumber 5246
Holdings
Kalıcı Konum Mevcut Konum Edinme Tarihi Edinim Kaynak Toplam Check-Out'Lar Tam Çağrı Numarası Barkod Tarih Son Görülme İtibaren Geçerli Fiyatlar Koha Öğesi Türü
CHP Kütüphanesi CHP Kütüphanesi 09/10/2016 Bağış   818.3209 B56 1988 003459 09/10/2016 09/10/2016 Books